00404pab a2200145 454500008004000000100001800040245005700058260000900115300001200124362000800136650003900144650003200183650001600215773002700231180718b2012 xxu||||| |||| 00| 0 eng d aDeaton, Angus aThe financial crisis and the well being of Americans c2012 ap.1-26. aJan aEconomic recession - United States aLife styles - United States aLife styles aOxford Economic Papers